| 000 | 00619naa a2200181 a 4500 | ||
|---|---|---|---|
| 005 | 20210223120404.0 | ||
| 008 | 991125s1970 mx 010 0 spa u | ||
| 035 | _aUPN01000000017 | ||
| 049 | _aSEP | ||
| 050 | 4 |
_aND608 _bG3.8 |
|
| 110 | 2 | _aGalería de Exposiciones Temporales (México) | |
| 245 | 1 | 0 |
_a3 artistas de Galicia : _bpintores Jaime Quesada y José Luis de Dios : escultor Acislo Manzano / _cGalería de Exposiciones Temporales. |
| 260 |
_aMéxico : _bINBA, Museo de Arte Moderno, _c[197-?]. |
||
| 300 |
_a[12] p. : _bil. |
||
| 650 | 4 |
_aESCULTURA ESPAÑOLA _922317 |
|
| 650 | 4 | _aPINTURA ESPAÑOLA | |
| 905 | _aLibro | ||
| 999 |
_c17 _d17 |
||